000 00969nam a2200265Ia 4500
003 OSt
005 20221005104604.0
006 a|||||r|||| 00| 0
007 ta
008 221004b |||||||| |||| 00| 0 hin d
020 _a9788170289302 (pbk)
_c95
024 _a12899
037 _bSP/3352, 21/03/2014, Star Publications Pvt. Ltd.
_cTextual
040 _aCRL
_cCRL
_bhin
041 _2hin
_ahin
082 _aO157,1M61x, 152Q2
100 _aटैगोर, रवीन्द्रनाथ
245 0 _aप्रेरणात्मक विचार
246 _aPreraṇātmak vichāra
260 _aदिल्ली
_bराजपाल भारत
_c2012
300 _a103पृ0
_ccm.
650 _aबंगाली साहित्य
942 _hO157,1M61x, 152Q2
_cTEXL
_2cc
999 _c1013180
_d1013180